000
00325nam a22001457a 4500
008
221206b ||||| |||| 00| 0 eng d
020
_a
9781681354255
041
_a
eng
080
_2
SECOND EDITION
_a
575
082
_a
575EAR
100
_a
13
101
_a
BIOKIMI
245
_a
CHEMISTRY 122L
_c
EARL K J
942
_2
udc
_c
BK
999
_c
59109
_d
59109